| 000 | 00434nam a2200157 a 4500 | ||
|---|---|---|---|
| 005 | 20140310183158.0 | ||
| 008 | 021017s19uu xx 00 eng d | ||
| 050 |
_aRM 146.5 _b.P466 1999 |
||
| 245 | _aPDR nurses' handbook. | ||
| 260 |
_aMontvale, NJ. : _bMedical Economics Company, _c1999. |
||
| 300 |
_a1419 p. : _c21 cm. |
||
| 650 |
_aDrugs _xhandbooks |
||
| 650 |
_aDrugs _xnurses instruction |
||
| 942 |
_cBK _2lcc |
||
| 999 |
_c19812 _d19812 |
||